| 000 | 00423cam a2200145ua 4500 | ||
|---|---|---|---|
| 041 |
_aeng _h |
||
| 082 |
_a690.24 _bIND/CO |
||
| 100 | _aIndian Standard Institution, . | ||
| 245 | 0 | 0 | _aCode of practice for construction of brick-cum -concrete composite floors and roof,IS:2119-1980 |
| 260 |
_aNew Delhi : _bIndian Standards Institution , _c1981. |
||
| 300 | _a19 ; . | ||
| 504 | _a | ||
| 942 | _cBK | ||
| 999 |
_c4567 _d4567 |
||